000 00303nam a22001457a 4500
003 SGT
020 _a9789387472167
082 _a384.54
_bNEE
100 _aNEELAMALAR
245 _aRADIO PROGRAMME PRODUCTION
260 _a INDIA
_c2023
_bPHI PUB.
300 _a233
650 _aBJMC
942 _2ddc
_cBK
999 _c32138
_d32138